| 000 | 00718nam a22002057a 4500 | ||
|---|---|---|---|
| 005 | 20131121142712.0 | ||
| 010 | _aB-495114-115 | ||
| 020 |
_a 9780670083862 _c699.00 |
||
| 035 | _aB-495114-115 | ||
| 037 |
_adpl _bBBB/Ven |
||
| 082 | _a320.954 | ||
| 100 | _aGuha, Ramachandra | ||
| 245 |
_aPatriots and partisans / _cby Ramchandra Guha |
||
| 260 |
_aNew Delhi _bPenguin Group ALLEN LANE _c2012 |
||
| 270 |
_aPenguin Books India Pvt.,11 Community Centre, Panchsheel Park, _bNew Delhi _e110017 |
||
| 300 |
_axvi,334p. _c24cm(Hbk) |
||
| 500 | _aIncludes index | ||
| 942 |
_2ddc _cEN _mGUH _h320.954 |
||
| 999 |
_c78991 _d78991 |
||